000 00813cam a2200217 4500
001 WB3607-10
008 000000n2000 000 0 eng u
035 _a(Sirsi) u104163
245 _aDot coms and telecoms scour West End for HQs
260 _c2000
490 _aProperty Week
_v 65(6) 11 February 2000, 5(1)
520 _aLondon's West End is likely to see an increase in demand for office space, due to large numbers of telecom and e-commerce companies hoping to set up offices there.
590 _aWB
650 _aWEST END OF LONDON
650 _aPROPERTY-COMMERCIAL PROPERTY-OFFICE PROPERTY-OFFICE PROPERTY MARKET
650 _aOFFICE DEMAND
650 _aTELECOMS COMPANIES
650 _aINTERNET COMPANIES
690 _aPROPERTY-COMMERCIAL PROPERTY-COMMERCIAL PROPERTY MARKET
942 _n0
999 _c62514
_d62514